Анализ алмазного породоразрушающего инструмента; Высокие технологии в современной науке и технике

Podrobná bibliografie
Parent link:Высокие технологии в современной науке и технике.— 2015.— [С. 309-314]
Hlavní autor: Черепанов А. А.
Korporativní autor: Национальный исследовательский Томский политехнический университет (ТПУ)
Další autoři: Лушников Р. Э., Лушников А. В.
Shrnutí:Заглавие с титульного экрана
Jazyk:ruština
Vydáno: 2015
Edice:Проблемы надежности машиностроения и машиностроительные технологии. Информационные технологии в машиностроении и промышленности
Témata:
On-line přístup:http://earchive.tpu.ru/handle/11683/16142
http://www.lib.tpu.ru/fulltext/c/2015/C17/087.pdf
Médium: Elektronický zdroj Kapitola
KOHA link:https://koha.lib.tpu.ru/cgi-bin/koha/opac-detail.pl?biblionumber=613624

MARC

LEADER 00000naa2a2200000 4500
001 613624
005 20231101132752.0
035 |a (RuTPU)RU\TPU\conf\11769 
035 |a RU\TPU\conf\11765 
090 |a 613624 
100 |a 20150820d2015 k y0rusy50 ca 
101 0 |a rus 
102 |a RU 
105 |a y z 101zy 
135 |a drgn ---uucaa 
181 0 |a i  
182 0 |a b 
200 1 |a Анализ алмазного породоразрушающего инструмента  |f А. А. Черепанов, Р. Э. Лушников, А. В. Лушников 
203 |a Текст  |c электронный 
225 1 |a Проблемы надежности машиностроения и машиностроительные технологии. Информационные технологии в машиностроении и промышленности 
230 |a 1 компьютерный файл (pdf; 351 Kb) 
300 |a Заглавие с титульного экрана 
320 |a [Библиогр.: с. 313-314 (6 назв.)] 
337 |a Adobe Reader 
463 0 |0 (RuTPU)RU\TPU\conf\11660  |t Высокие технологии в современной науке и технике  |o сборник научных трудов IV Международной научно-технической конференции молодых ученых, аспирантов и студентов, г. Томск, 21-24 апреля 2015 г.  |f Национальный исследовательский Томский политехнический университет (ТПУ) ; под ред. А. Н. Яковлева  |v [С. 309-314]  |d 2015 
610 1 |a труды учёных ТПУ 
610 1 |a электронный ресурс 
610 1 |a алмазные инструменты 
610 1 |a породоразрушающие инструменты 
610 1 |a бурение 
610 1 |a алмазные коронки 
700 1 |a Черепанов  |b А. А. 
701 1 |a Лушников  |b Р. Э. 
701 1 |a Лушников  |b А. В. 
712 0 2 |a Национальный исследовательский Томский политехнический университет (ТПУ)  |c (2009- )  |2 stltpush  |3 (RuTPU)RU\TPU\col\15902 
801 2 |a RU  |b 63413507  |c 20210127  |g RCR 
856 4 |u http://earchive.tpu.ru/handle/11683/16142 
856 4 |u http://www.lib.tpu.ru/fulltext/c/2015/C17/087.pdf 
942 |c BK